00835cam a2200217 a 4500020001500000082001500015100002000030245003500050250001200085260006500097300002800162650002900190700002200219700001800241856005500259856006300314942000700377999001500384952010300399952011500502 a075063286000a647.95/DAV1 aDavis, Bernard.10aFood and beverage management / a3rd ed. aOxford, [England] ;aBoston :bButterworth-Heinemann,c1998. axviii, 392 p. :bill. ; 0aFood service management.1 aLockwood, Andrew.1 aStone, Sally.41uhttp://www.loc.gov/catdir/toc/els033/98184730.html42uhttp://www.loc.gov/catdir/description/els033/98184730.html cBK c2379d2379 0010708NFICaICbICcGENd2015-10-21l0o647.95/DAVp002427r2022-11-17 00:00:00w2015-10-21yBK 0010708NFICaICbICcGENd2015-10-21l1o647.95/DAVp002428r2022-11-17 00:00:00s2019-05-12w2015-10-21yBK